| 000 | 00378nam a2200145Ia 4500 | ||
|---|---|---|---|
| 008 | 230917s9999||||xx |||||||||||||| ||und|| | ||
| 040 |
_e108965 _aMAIN |
||
| 041 | _aEnglish | ||
| 082 | _a333.9130954 G95I | ||
| 100 | _aGulati, Ashok | ||
| 245 | 0 | _aInstitutional reforms in Indian irrigation | |
| 260 |
_aNew Delhi _bSage Publications _c2004 |
||
| 300 | _a322 p. | ||
| 942 | _cBK | ||
| 999 |
_c123364 _d123364 |
||